Sports Quiz

Random Sports or NBA Quiz

NBA Basketball Nicknames Quiz Stats

 Plays Quiz not verified by Sporcle

Score 0/25 Timer 03:00
0 Plays Today
Player Nickname % Correct
Lebron JamesKing James
85.5%
Earvin JohnsonMagic
83.3%
Julius ErvingDr. J
81.3%
Hakeem OlajuwonThe Dream
80.5%
Andrei KirilenkoAK47
77.6%
Pete MaravichPistol Pete
74%
David RobinsonThe Admiral
72.8%
Karl MaloneThe Mailman
71.1%
Walt FrazierClyde
68.7%
Gary PaytonThe Glove
68.3%
Earl MonroeThe Pearl
67.5%
Charles BarkleyThe Round Mound of Rebound
67.5%
Stephon MarburyStarbury
65.4%
Player Nickname % Correct
Isiah ThomasZeke
62.6%
Vince CarterAir Canada
58.5%
Steve FrancisStevie Franchise
56.6%
Oscar RobertsonThe Big O
55.7%
Shawn MarionThe Matrix
55.3%
Clyde DrexlerClyde the Glide
54.8%
Billy CunninghamThe Kangaroo Kid
52.8%
Darryl DawkinsChocolate Thunder
50.8%
Nate ArchibaldTiny
48.4%
Afernee HardawayPenny
37.3%
George GervinThe Iceman
29.3%
Wilt ChamberlainThe Big Dipper
21.5%

You're not logged in!

Compare scores with friends on all Sporcle quizzes.
OR
Log In

Show Comments

Extras

Top Quizzes Today


Score Distribution

Your Account Isn't Verified!

In order to create a playlist on Sporcle, you need to verify the email address you used during registration. Go to your Sporcle Settings to finish the process.

Report this User

Report this user for behavior that violates our Community Guidelines.

Details: